00341pab a2200121 454500008004000000100002100040245007700061260000900138300001400147362000800161650001500169773003500184180718b2003 xxu||||| |||| 00| 0 eng d aSevensson, Jakob aWho must pay bribes and how much? Evidence from a cross section of firms c2003 ap.207-30. aFeb aCorruption aQuarterly Journal of Economics